| 000 | 00803nam a2200229 i 4500 | ||
|---|---|---|---|
| 001 | 24619 | ||
| 003 | ES-MaACL | ||
| 005 | 20250809034604.0 | ||
| 007 | t| | ||
| 008 | 021218s1949 sp ||||1| spa d | ||
| 100 | 1 |
_aAntón Oneca, José, _d1897-1981 _921950 |
|
| 245 | 1 | 0 |
_aDerecho penal / _cJosé Antón Oneca, J. A. Rodríguez Muñoz. |
| 260 |
_aMadrid : _b[s.n., _c1949] ( _fGráfica Administrativa) |
||
| 300 |
_a2 v. ; _c26 cm. |
||
| 505 | 8 | _aContiene: V. II: con la colaboración de J. Taso Roldán y J. M. Rodríguez Devesa. | |
| 650 | 0 | 7 |
_aDerecho penal _2embne _911749 |
| 700 | 1 |
_aRodríguez Muñoz, J. A. _998693 |
|
| 700 | 1 |
_aTaso Roldán, J. _9109363 |
|
| 700 | 1 |
_aRodríguez Devesa, José María. _998493 |
|
| 852 |
_aES-MaACL _jF-8479-80 _bR.29315 |
||
| 999 |
_c24619 _d24619 |
||